000 00786cab a2200241 4500
001 WB2926-42
008 090401t1993 xxu||||| |||| 00| 0 eng d
035 _a(Sirsi) u67964
041 _aeng
245 _aValuation rules revamp
260 _c1993
350 _a0
490 _aEstates Times
_v(1196) 2 July 1993, 1(1)
520 _aMajors changes to methods of valuing commercial property are to be incorporated into the RICS White Book after negotiations between the Institution and the British Bankers Association.
650 _aPROPERTY-COMMERCIAL PROPERTY
650 _aMANUAL OF VALUATION GUIDANCE NOTES
650 _aMARKET FACTORS
650 _aVALUATION METHODS
650 _aWHITE BOOK
690 _aRATING AND VALUATION
942 _n0
948 _c04/03/1997
999 _c42596
_d42596